| 000 -LEADER |
| fixed length control field |
00658nam a22001937a 4500 |
| 005 - DATE AND TIME OF LATEST TRANSACTION |
| control field |
20200813142019.0 |
| 008 - FIXED-LENGTH DATA ELEMENTS--GENERAL INFORMATION |
| fixed length control field |
200813s2012 enk||||| |||| 00| 0 eng d |
| 020 ## - INTERNATIONAL STANDARD BOOK NUMBER |
| International Standard Book Number |
9781906348892 |
| 041 ## - LANGUAGE CODE |
| Language code of text/sound track or separate title |
eng |
| 080 ## - UNIVERSAL DECIMAL CLASSIFICATION NUMBER |
| Universal Decimal Classification number |
368 A-44 |
| 245 ## - TITLE STATEMENT |
| Title |
Alternative (Re)insurance Strategies / |
| Statement of responsibility, etc. |
Edited Morton Lane. |
| 250 ## - EDITION STATEMENT |
| Edition statement |
Second Edition |
| 264 ## - PRODUCTION, PUBLICATION, DISTRIBUTION, MANUFACTURE, AND COPYRIGHT NOTICE |
| Place of production, publication, distribution, manufacture |
London : |
| Name of producer, publisher, distributor, manufacturer |
Risk book, |
| Date of production, publication, distribution, manufacture, or copyright notice |
2012. |
| 300 ## - PHYSICAL DESCRIPTION |
| Extent |
571 p. |
| Other physical details |
ill. |
| Dimensions |
24 cm. |
| 653 ## - INDEX TERM--UNCONTROLLED |
| keyword |
ალტერნატიული (რე) დაზღვევის სტრატეგიები |
| 653 ## - INDEX TERM--UNCONTROLLED |
| keyword |
დაზღვევა |
| 700 ## - ADDED ENTRY--PERSONAL NAME |
| Personal name |
Lane, Morton |
| Relator term |
რედაქტორი |
| 9 (RLIN) |
9220 |
| 942 ## - ADDED ENTRY ELEMENTS (KOHA) |
| Source of classification or shelving scheme |
|
| Koha item type |
წიგნი |